Αναγνωριστική έκθεση τουριστικής αναπτύξεως νήσων Αιγαίου : Κως (case study)
Αποθηκεύτηκε σε:
| Κύριος συγγραφέας: | |
|---|---|
| Μορφή: | Βιβλίο |
| Γλώσσα: | Greek |
| Δημοσίευση: |
Αθήνα :
Ε.Ο.Τ., Δ/νση (Β) Προγραμμάτων και Χωροταξίας, Τμήμα Β3 Χωροταξικών Μελετών,
1978
|
| Θέματα: | |
| Ετικέτες: |
Προσθήκη ετικέτας
Δεν υπάρχουν, Καταχωρήστε ετικέτα πρώτοι!
|
MARC
| LEADER | 00000nam a2200000 i 4500 | ||
|---|---|---|---|
| 001 | 1/9296 | ||
| 008 | 970207s1978 gre d | ||
| 035 | |l 10017420 | ||
| 040 | |a GR-MY-UA |b gre |e aacr | ||
| 041 | 0 | |a gre | |
| 082 | 0 | |a 711.30949587 | |
| 100 | 1 | |a Παρπαϊρης, Aπόστολος. | |
| 245 | 1 | 0 | |a Αναγνωριστική έκθεση τουριστικής αναπτύξεως νήσων Αιγαίου : |b Κως (case study) / |c Απόστολος Παρπαίρης |
| 260 | |a Αθήνα : |b Ε.Ο.Τ., Δ/νση (Β) Προγραμμάτων και Χωροταξίας, Τμήμα Β3 Χωροταξικών Μελετών, |c 1978 | ||
| 300 | |a τ. | ||
| 505 | 0 | |a Τόμος 2: Περιβάλλον - Άνθρωπος - ΟικονομίαΤόμος 3: Δίκτυα - Χωροταξική διάρθρωση - ΕξυπηρετήσειςΤόμος 4: Συμπεράσματα ειδική διερεύνηση τουρισμού | |
| 650 | 0 | 0 | |a Regional planning |z Greece |z Kos Island. |
| 852 | |a INST |b LESVOS |e 19970507 |h 711.30949587 ΠΑΡ |p 005100011359 |q 005100011359 |t BK |y 0 |z τ.4 | ||
| 852 | |a INST |b LESVOS |e 19970207 |h 711.30949587 ΠΑΡ |p 005100012032 |q 005100012032 |t BK |y 0 |z τ.3 | ||
| 852 | |a INST |b LESVOS |e 19970207 |h 711.30949587 ΠΑΡ |p 005100012071 |q 005100012071 |t BK |y 0 |z τ.2 | ||
| 852 | |a INST |b LESVOS |e 19970507 |h 711.30949587 ΠΑΡ |p 005100011359 |q 005100011359 |t BK |v τ.4: |y 0 |z τ.4 | ||
| 852 | |a INST |b LESVOS |e 19970207 |h 711.30949587 ΠΑΡ |p 005100012032 |q 005100012032 |t BK |v τ.3: |y 0 |z τ.3 | ||
| 852 | |a INST |b LESVOS |e 19970207 |h 711.30949587 ΠΑΡ |p 005100012071 |q 005100012071 |t BK |v τ.2: |y 0 |z τ.2 | ||
| 853 | |a INST |b LESVOS |h 711.30949587 ΠΑΡ | ||
| 909 | |a Λ |b 022993 | ||
| 909 | |a Λ |b 022994 | ||
| 909 | |a Λ |b 022992 | ||
| 920 | |a ΔΩΡΕΑ ΒΙΒΛΙΟΘΗΚΗΣ |y ΛΕΣΒΟΣ |z 2000-04 | ||
| 970 | |z 2000/06/ΟΙΚΟΝΟΜΟΠΟΥΛΟΥ ΧΡΙΣΤΙΝΑ | ||